000 00292nam a22001337a 4500
020 _a81-7727-048-6
082 _a1920
_bKUM/H
100 _aKUMAR,P
245 _aFATEST FINGER FIRST
260 _aDELHI
_bINDICA PUBLISHERS
300 _a258
650 _aGENERAL KNOWLEDGE
_zINDIA
942 _cBK
999 _c2063
_d2063